000 00566nam a2200217 4500
003 LK-CoMWRAF
005 20231014055651.0
008 231014b |||||||| |||| 00| 0 eng d
020 _a9789558933503
040 _aLK-CoMWRAF
_dLK-CoMWRAF
_eLK-CoMWRAF
041 _aeng
082 _a823
_bRAO
100 _aRao, Raja
245 _aKanthapura
260 _a Pannipitiya :
_bKinkini Creations,
_c2011
300 _a256p. ; 21cm
650 _aEnglish Fiction
650 _aEnglish Fiction--Translations
700 _aSiriwardena, Kumara
_etrans.
942 _cBK
999 _c3856
_d3856